000 02631nam a22004338i 4500
001 CR9781108691512
003 UkCbUP
005 20210213154020.0
006 m|||||o||d||||||||
007 cr||||||||||||
008 180613s2020||||enk o ||1 0|eng|d
020 _a9781108691512 (ebook)
020 _z9781108480895 (hardback)
020 _z9781108703376 (paperback)
040 _aUkCbUP
_beng
_erda
_cUkCbUP
043 _aa-is---
_aawba---
_aawgz---
050 0 0 _aBS680.W2
_bW75 2020
082 0 0 _a221.8/35502
_223
100 1 _aWright, Jacob L.,
_eauthor.
245 1 0 _aWar, memory, and national identity in the Hebrew Bible /
_cJacob L. Wright.
264 1 _bCambridge University Press,
300 _a1 online resource (xii, 283 pages) :
_bdigital, PDF file(s).
500 _aTitle from publisher's bibliographic system (viewed on 10 Aug 2020).
520 _aThe Hebrew Bible is permeated with depictions of military conflicts that have profoundly shaped the way many think about war. Why does war occupy so much space in the Bible? In this book, Jacob Wright offers a fresh and fascinating response to this question: War pervades the Bible not because ancient Israel was governed by religious factors (such as 'holy war') or because this people, along with its neighbors in the ancient Near East, was especially bellicose. The reason is rather that the Bible is fundamentally a project of constructing a new national identity for Israel, one that can both transcend deep divisions within the population and withstand military conquest by imperial armies. Drawing on the intriguing interdisciplinary research on war commemoration, Wright shows how biblical authors, like the architects of national identities from more recent times, constructed a new and influential notion of peoplehood in direct relation to memories of war, both real and imagined. This book is also available as Open Access on Cambridge Core.
650 0 _aWar
_xBiblical teaching.
650 0 _aWar
_xReligious aspects
_xJudaism.
650 0 _aWar
_xReligious aspects
_xChristianity.
650 0 _aJews
_xIdentity.
651 0 _aPalestine
_xIn the Bible.
630 0 0 _aBible.
_pOld Testament
_xSocio-rhetorical criticism.
630 0 0 _aBible.
_pOld Testament
_xCriticism, interpretation, etc.
650 0 _aNationalism and collective memory
_zIsrael.
650 0 _aNational characteristics, Israeli.
776 0 8 _iPrint version:
_z9781108480895
856 4 0 _uhttps://doi.org/10.1017/9781108691512
999 _c27747
_d27747